Tous les clubs de foot d'Argentine. - Statistiques

Statistiques générales
  • Ce quiz a été pris 101 fois
  • Le résultat moyen est 9 sur 24
Statistiques - réponses
# Club % Correct
19 River Plate
100%
5 Boca Juniors
94%
21 San Lorenzo
59%
14 Independiente
54%
18 Racing Club
51%
20 Rosario Central
51%
16 Newell's Old Boys
46%
15 Lanus
45%
24 Vélez Sarsfield
43%
13 Huracan
38%
10 Estudiantes La Plata
32%
11 Gimnasia La Plata
30%
2 Argentinos Juniors
29%
23 Union de Santa Fé
29%
22 Talleres Cordoba
27%
4 Banfield
26%
7 Central Cordoba
23%
12 Godoy Cruz
21%
8 Colon Santa Fé
17%
6 CA Tucuman
16%
1 Aldosivi
15%
9 Defensa y Justicia
15%
3 Arsenal Sarandi
12%
17 Patronato
7%
Aucun quiz correspondant
Distribution des résultats
% des personnes avec chaque résultat
Percentile par nombre de réponses
Votre historique - résultats
Vous n’avez pas pris ce quiz